Consecuencias del donativo destinado por el marqués de Guadiaro á un objeto piadoso y útil. (Record no. 173942)

MARC details
000 -LEADER
campo de control de longitud fija 00439nam a22001335i 4500
001 - NÚMERO DE CONTROL
campo de control 173942
003 - IDENTIFICADOR DE NÚMERO DE CONTROL
campo de control ES-MaACL
005 - FECHA Y HORA DE LA ÚLTIMA TRANSACCIÓN
campo de control 20230906215410.0
008 - DATOS DE LONGITUD FIJA--INFORMACIÓN GENERAL
campo de control de longitud fija 100201s1880 sp |||| | spa d
245 00 - MENCIÓN DEL TÍTULO
Título Consecuencias del donativo destinado por el marqués de Guadiaro á un objeto piadoso y útil.
260 ## - PUBLICACIÓN, DISTRIBUCIÓN, ETC.
Lugar de publicación, distribución, etc. Madrid :
Nombre del editor, distribuidor, etc. [s.n.],
Fecha de publicación, distribución, etc. 1880 (
Fabricante Imp. y fundición de Manuel Tello)
300 ## - DESCRIPCIÓN FÍSICA
Extensión 19 p. ;
Dimensiones 22 cm.
852 ## - LOCALIZACIÓN
Ubicación ES-MaACL
Número de control de estantería T-377-F-3
Holdings
Estatus retirado Estado de pérdida Estado de daño No para préstamo Colección Biblioteca de origen Biblioteca actual Ubicación en estantería Fecha de adquisición Fuente de adquisición Total de préstamos Signatura topográfica completa Código de barras Visto por última vez Precio de reemplazo Tipo de ítem Koha
        Colección de folletos Biblioteca del Ateneo de Madrid Biblioteca del Ateneo de Madrid Depósito folletos 01/02/2010     T-377-F-3 1182589 23/02/2023 23/02/2023 Folleto